| 000 | 00634nam a22002297a 4500 | ||
|---|---|---|---|
| 005 | 20230202155019.0 | ||
| 008 | 230202b ||||| |||| 00| 0 eng d | ||
| 040 | _cAL | ||
| 041 | _aeng | ||
| 082 |
_223 _a658 _bSINI |
||
| 100 |
_aRajender Singh and others _970692 |
||
| 245 | _aIndian management Vol.39 No.7 | ||
| 260 |
_aMumbai _bBusiness India Group Publication _c2000 |
||
| 300 |
_a102p. _bPB _c26x18cm. |
||
| 365 | _2Management | ||
| 440 | _vVol.39 No.7 | ||
| 650 |
_aManagement _970578 |
||
| 700 |
_aSINGH (Rajender) _970579 |
||
| 700 |
_aLUXMOORE (Garry) _970580 |
||
| 700 |
_aMASHELKAR (R A) _970581 |
||
| 942 |
_2ddc _cBK |
||
| 999 |
_c226531 _d226531 |
||